1427 1014 1648 1663 1414 1509 1574 1797 1072 1964 1654 1443 1316 1380 1527 1356 1164 1665 1638 1129 1196 1646 1682 1450 1743 1189 1735 1029 1723 1519 1536 1204 1246 1512 1197 1936 1279 1164 1023 1716 1028 1161 1537 1814 1600 1509 1208 1837 1582 1337 1990 1172 1855 1229 1951 1644 1851 1742 1997 1646 1888 1734 1868 1550 1918 1228 1160 1176 1736 1894 1351 1665 1343 1588 1962 1938 1389 1946 1240 1707 1383 1066 1334 1559 1648 1757 1991 1200 1829 1674 1022 1640 1283 1669 1081 1682 1310 1007 1992 BCNSPRNW ULIB Ver.6.0+V

เปลี่ยนเป็นภาษาไทย

Change to English
 แสดงรายละเอียดบรรณานุกรม
  กลับหน้าหลัก

Brief Record : Get Marc (ISO 2709) : E-mail record : QR code < ปิดหน้าต่าง
LEADER : 00000nam 2200000uu 4500
001    13399127959
003     ULIB
008    020711s2563 th a 000 0 tha d
020    ^a9786163884589
050    ^aนว.^bจ-ส
100    ^aจุฬามณี
245    ^aสิรินนารี
250    ^aพิมพ์ครั้งที่ 1
260    ^aกรุงเทพฯ :^bแสงดาว,^c2563
300    ^a656 หน้า;^b21 ซม.
650    ^aนวนิยาย
945    ^p600^l0^i008549
999    ^aประนอม เกษจรัล
รายการนี้ยังไม่มีแท็ก
คุณยังไม่ได้ล็อกอิน คุณสามารถมีกิจกรรมร่วมกับเว็บไซต์ได้ แต่ต้องล็อกอินก่อน ::
  ล็อกอิน

รายการสื่อสารสนเทศ

ลำดับที่ ประเภท เลขเรียก/บาร์โค้ด สถานที่ สถานะ
1. นวนิยาย
นวนิยาย
นว. จ-ส ฉ.1 
  Barcode: 008549
ห้องสมุดวิทยาเขตสวรรค์ประชารักษ์
►นวนิยาย
บนชั้น
  ขอยืม

รายการใกล้เคียง
    ชื่อเรื่อง [สิรินนารี]

    ผู้แต่ง [จุฬามณี]

    หัวเรื่อง [นวนิยาย]

BibComment


ยังไม่เคยถูกคอมเมนท์

คอมเมนท์ทรัพยากรรายการนี้
  คอมเมนท์: สิรินนารี


 Copyright 2026. Bcnsprnw @Library